[Event "Dulles Cherry Blossom op 10th"]
[Site "Dulles"]
[Date "2023.05.26"]
[Round "3"]
[White "Vinod, Aarush"]
[Black "Tahmassebi, Bijan"]
[Result "1/2-1/2"]
[WhiteElo "1914"]
[BlackElo "2201"]
[PlyCount "103"]
[EventDate "2023.05.24"]
[EventType "swiss"]
[EventRounds "9"]
[EventCountry "USA"]
[SourceTitle "CBM 214 Extra"]
[Source "ChessBase"]
[SourceDate "2023.07.31"]
[SourceVersion "1"]
[SourceVersionDate "2023.07.31"]
[SourceQuality "1"]

1. e4 e5 2. Bc4 Nf6 3. d3 Nc6 4. Nc3 Na5 5. Bb3 Nxb3 6. axb3 Bb4 7. Nf3 d6 8. h3 c6 9. 0-0 0-0 10. Ne2 Re8 11. Ng3 d5 12. Qe2 Qc7 13. Bd2 Bxd2 14. Qxd2 Nd7 15. Rfe1 d4 16. c3 c5 17. Rec1 Qb6 18. b4 f6 19. Qc2 dxc3 20. bxc3 cxb4 21. Qb3+ Kf8 22. cxb4 Nb8 23. b5 Be6 24. Qb4+ Kg8 25. Qc5 Qxc5 26. Rxc5 Rc8 27. Rxc8+ Bxc8 28. d4 Nd7 29. Nf5 exd4 30. N3xd4 Nb6 31. Ne7+ Kf7 32. Nxc8 Nxc8 33. Rc1 a5 34. bxa6 bxa6 35. Rc7+ Kg8 36. Nf5 a5 37. Rxg7+ Kf8 38. Rxh7 a4 39. Rh8+ Kf7 40. Rh7+ Kg8 41. Rb7 a3 42. Rb1 Nb6 43. Ne3 Na4 44. Nd5 Nc5 45. Ra1 Nb3 46. Ra2 Nc1 47. Ra1 Nb3 48. Ra2 Nc1 49. Ra1 Nb3 50. Ra2 Nc1 51. Rc2 a2 52. Rxc1 1/2-1/2

[Event "Dulles Cherry Blossom op 10th"]
[Site "Dulles"]
[Date "2023.05.25"]
[Round "2"]
[White "Tahmassebi, Bijan"]
[Black "Senft, Sean"]
[Result "0-1"]
[WhiteElo "2201"]
[BlackElo "2089"]
[PlyCount "94"]
[EventDate "2023.05.24"]
[EventType "swiss"]
[EventRounds "9"]
[EventCountry "USA"]
[SourceTitle "CBM 214 Extra"]
[Source "ChessBase"]
[SourceDate "2023.07.31"]
[SourceVersion "1"]
[SourceVersionDate "2023.07.31"]
[SourceQuality "1"]

1. e4 c5 2. Nf3 e6 3. d4 cxd4 4. Nxd4 Nc6 5. Nc3 Qc7 6. Be3 a6 7. Qf3 Nf6 8. 0-0-0 Ne5 9. Qg3 b5 10. f4 Neg4 11. Bg1 b4 12. Nd5 exd5 13. e5 Nxe5 14. fxe5 Ne4 15. Qb3 Bb7 16. Nf3 Rc8 17. Bd3 Bc5 18. Bxe4 dxe4 19. Ng5 0-0 20. Bxc5 Qxc5 21. Rxd7 Rc7 22. Rxc7 Qxc7 23. Qxb4 Qxe5 24. Qxb7 Qxg5+ 25. Kb1 Qxg2 26. Re1 Rd8 27. a4 f5 28. Qxa6 Qd2 29. Qc4+ Kh8 30. Qe2 Qb4 31. Rd1 Rxd1+ 32. Qxd1 h6 33. c3 Qc5 34. Qd4 Qe7 35. Qe3 Qe5 36. Qd4 Qe8 37. Kc1 f4 38. Kd2 e3+ 39. Ke1 f3 40. Qf4 f2+ 41. Ke2 Qe6 42. Qf8+ Kh7 43. Qf4 g5 44. Qd4 Qf5 45. Qa7+ Kg6 46. Qa6+ Kh5 47. Kf1 Qh3+ 0-1

[Event "Dulles Cherry Blossom op"]
[Site "Dulles"]
[Date "2022.05.30"]
[Round "8"]
[White "Luo, Terry"]
[Black "Tahmassebi, Bijan"]
[Result "1/2-1/2"]
[WhiteElo "2168"]
[BlackElo "2118"]
[PlyCount "116"]
[EventDate "2022.05.26"]
[EventType "swiss"]
[EventRounds "9"]
[EventCountry "USA"]
[SourceTitle "CBM 208 Extra"]
[Source "ChessBase"]
[SourceDate "2022.07.31"]
[SourceVersion "1"]
[SourceVersionDate "2022.07.31"]
[SourceQuality "1"]

1. Nf3 Nf6 2. g3 d5 3. Bg2 e6 4. 0-0 Be7 5. d4 0-0 6. c4 Nbd7 7. Qc2 c5 8. cxd5 exd5 9. Nc3 Re8 10. dxc5 Nxc5 11. Be3 Be6 12. Rad1 Qc8 13. Nb5 Bf5 14. Qc1 a6 15. Nc3 Rd8 16. Bg5 Nce4 17. Bxf6 Nxf6 18. Nd4 Bh3 19. Qf4 Bxg2 20. Kxg2 Bd6 21. Qf5 Bb4 22. Rd3 Qc4 23. b3 Qc7 24. Nd1 Rac8 25. Ne3 Qe7 26. Ndc2 Ba5 27. Nxd5 Nxd5 28. Rxd5 g6 29. Rxd8+ Qxd8 30. Qe4 Qd2 31. Ne3 Qxe2 32. Qxb7 Re8 33. Kg1 Re6 34. a4 Bb6 35. Nd5 Bd4 36. Nf4 Qe4 37. Qc8+ Re8 38. Qxa6 g5 39. Ng2 Qf3 40. Qd6 Qd3 41. Qc6 Re2 42. Qc1 Rd2 43. Qc4 Qxc4 44. bxc4 Ra2 45. Ne3 Rxa4 46. Rc1 Bc5 47. Rc2 Kg7 48. Kg2 Kf6 49. Kf3 Ke5 50. Ng4+ Kf5 51. Rd2 Ra3+ 52. Ne3+ Bxe3 53. fxe3 g4+ 54. Ke2 Rc3 55. Rd5+ Ke6 56. Rd4 f5 57. Kd2 Ra3 58. c5 Ra5 1/2-1/2

[Event "Dulles Cherry Blossom op"]
[Site "Dulles"]
[Date "2022.05.27"]
[Round "3"]
[White "Tahmassebi, Bijan"]
[Black "Hevia Alejano, Carlos Antonio"]
[Result "1/2-1/2"]
[WhiteElo "2118"]
[BlackElo "2460"]
[PlyCount "45"]
[EventDate "2022.05.26"]
[EventType "swiss"]
[EventRounds "9"]
[EventCountry "USA"]
[SourceTitle "CBM 208 Extra"]
[Source "ChessBase"]
[SourceDate "2022.07.31"]
[SourceVersion "1"]
[SourceVersionDate "2022.07.31"]
[SourceQuality "1"]

1. e4 c5 2. Nf3 Nc6 3. d4 cxd4 4. Nxd4 Nf6 5. Nc3 d6 6. Bg5 Bd7 7. Qd2 a6 8. f4 e6 9. 0-0-0 Be7 10. Be2 h6 11. Bh4 b5 12. Bf3 Rc8 13. Bxf6 gxf6 14. f5 Nxd4 15. Qxd4 h5 16. fxe6 fxe6 17. e5 dxe5 18. Qe4 Qc7 19. Rxd7 Qxd7 20. Rd1 Qc7 21. Qg6+ Kf8 22. Bxh5 Rxh5 23. Qxh5 1/2-1/2

[Event "Dulles Colonial op 3rd"]
[Site "Dulles"]
[Date "2022.04.16"]
[Round "6"]
[White "Tahmassebi, Bijan"]
[Black "Sriniaiyer, Sudarshan"]
[Result "1/2-1/2"]
[WhiteElo "2059"]
[BlackElo "2195"]
[PlyCount "60"]
[EventDate "2022.04.13"]
[EventType "swiss"]
[EventRounds "9"]
[EventCountry "USA"]
[SourceTitle "CBM 207 Extra"]
[Source "ChessBase"]
[SourceDate "2022.05.31"]
[SourceVersion "1"]
[SourceVersionDate "2022.05.31"]
[SourceQuality "1"]

1. e4 c5 2. Nf3 d6 3. d4 cxd4 4. Nxd4 Nf6 5. Nc3 Nc6 6. Bg5 e6 7. Qd2 a6 8. 0-0-0 Bd7 9. f4 Be7 10. Be2 h6 11. Bh4 b5 12. Bf3 Rc8 13. Nxc6 Bxc6 14. Bxf6 Bxf6 15. Qxd6 Qxd6 16. Rxd6 Be7 17. Rd2 g5 18. g3 h5 19. h4 gxf4 20. gxf4 Rg8 21. Rg2 Rxg2 22. Bxg2 Bc5 23. Bf3 Be3+ 24. Kb1 Bxf4 25. Bxh5 Be5 26. Bf3 Ke7 27. h5 f5 28. Re1 Kf6 29. Rf1 Bxc3 30. bxc3 Kg5 1/2-1/2

[Event "Dulles Colonial op 3rd"]
[Site "Dulles"]
[Date "2022.04.16"]
[Round "7"]
[White "Yim, Sung Ho"]
[Black "Tahmassebi, Bijan"]
[Result "1/2-1/2"]
[WhiteElo "2246"]
[BlackElo "2059"]
[PlyCount "82"]
[EventDate "2022.04.13"]
[EventType "swiss"]
[EventRounds "9"]
[EventCountry "USA"]
[SourceTitle "CBM 207 Extra"]
[Source "ChessBase"]
[SourceDate "2022.05.31"]
[SourceVersion "1"]
[SourceVersionDate "2022.05.31"]
[SourceQuality "1"]

1. d4 d5 2. c4 e6 3. Nf3 Nf6 4. Nc3 a6 5. c5 b6 6. cxb6 cxb6 7. Bf4 Bd6 8. Bxd6 Qxd6 9. e3 b5 10. Bd3 0-0 11. 0-0 Nbd7 12. Qe2 Bb7 13. Rfc1 Rfc8 14. Rc2 Nb6 15. Rac1 b4 16. Nb1 a5 17. Nbd2 a4 18. Ne5 Rxc2 19. Rxc2 Rc8 20. Qd1 g6 21. Bb5 a3 22. bxa3 bxa3 23. Nd3 Bc6 24. Qb1 Rc7 25. Nc5 Nfd7 26. Bxc6 Qxc6 27. Qb4 Qa8 28. h3 Ra7 29. Ncb3 Ra4 30. Qd6 Qf8 31. Qc6 Ra8 32. Qb5 Rc8 33. Nc5 Nxc5 34. Rxc5 Rb8 35. Qa5 Qd6 36. g3 Ra8 37. Qb4 Kg7 38. Qb3 Nd7 39. Rc3 Nf6 40. Kg2 Rb8 41. Qxa3 Ra8 1/2-1/2